Central Library OPAC University of Rajshahi

Structure-activity relationships of protein and polypeptide hormones; (Record no. 11896)

MARC details
000 -LEADER
fixed length control field 01368cam a2200349 4500
001 - CONTROL NUMBER
control field 11896
003 - CONTROL NUMBER IDENTIFIER
rucl marc code BD-RjUL
005 - DATE AND TIME OF LATEST TRANSACTION
control field 20211208235212.0
008 - FIXED-LENGTH DATA ELEMENTS--GENERAL INFORMATION
fixed length control field 140127s1972 ne a b 101 0 eng d
020 ## - INTERNATIONAL STANDARD BOOK NUMBER
International Standard Book Number 9021901722
035 ## - SYSTEM CONTROL NUMBER
System control number (BD-RjUL)11945
040 ## - CATALOGING SOURCE
Original cataloging agency DLC
Transcribing agency DLC
Modifying agency DLC
-- ICU
-- (BD-RjUL)
Language of cataloging eng
041 ## - LANGUAGE CODE
Language code of text/sound track or separate title eng
082 00 - DEWEY DECIMAL CLASSIFICATION NUMBER
Classification number 599.01927
Author mark and year STR
111 2# - MAIN ENTRY--MEETING NAME
Meeting name or jurisdiction name as entry element International Symposium on Protein and Polypeptide Hormones
Number of part/section/meeting (2nd :
Date of meeting 1971 :
Location of meeting Liรจge, Belgium)
9 (RLIN) 36893
245 10 - TITLE STATEMENT
Title Structure-activity relationships of protein and polypeptide hormones;
Remainder of title proceedings of The International Symposium Liegh, September 28-October 1971 /
Statement of responsibility, etc. Editors: M. Margoulies [and] F. C. Greenwood.
260 ## - PUBLICATION, DISTRIBUTION, ETC. (IMPRINT)
Place of publication, distribution, etc. [Amsterdam :
Name of publisher, distributor, etc. Excerpta Medica,
Date of publication, distribution, etc. 1972.
300 ## - PHYSICAL DESCRIPTION
Pagination xiii, 566 p. :
Illustrations illus. ;
Size 25 cm.
350 ## - PRICE (NR) (BK AM CF MU VM SE) [OBSOLETE]
Price $55.50 (U.S.)
500 ## - GENERAL NOTE
General note Held September 28-October 1, 1971.
General note Includes Index
504 ## - BIBLIOGRAPHY, ETC. NOTE
Bibliography, etc Includes bibliographies.
650 #0 - SUBJECT ADDED ENTRY--TOPICAL TERM
Topical term or geographic name as entry element Protein hormones
Form subdivision Congresses.
9 (RLIN) 36878
Topical term or geographic name as entry element Peptide hormones
Form subdivision Congresses.
9 (RLIN) 36879
Topical term or geographic name as entry element Structure-activity relationship (Biochemistry)
Form subdivision Congresses.
9 (RLIN) 36880
700 1# - ADDED ENTRY--PERSONAL NAME
Personal name Margoulies, M.,
Relator term ed.
Personal name Greenwood, F. C.
Fuller form of name (Frederick C.),
Relator term ed.
942 ## - ADDED ENTRY ELEMENTS (KOHA)
Source of classification or shelving scheme Dewey Decimal Classification
Koha item type Books
Holdings
Lost status Source of classification or shelving scheme Damaged status Not for loan Collection code Permanent Location Current Location Shelving location Date acquired Source of acquisition Total Checkouts Full call number Date last seen Copy number Koha item type
  Dewey Decimal Classification   Not For Loan Non-fiction Central Library, University of Rajshahi Central Library, University of Rajshahi Reading Room 27/10/1980 Netherland Gift   599.01927 STR 1972 27/01/2014 C-1 Books